| 000 | 00489nam a2200145Ia 4500 | ||
|---|---|---|---|
| 003 | OSt | ||
| 005 | 20260123112423.0 | ||
| 008 | 211028s2016 xx 000 0 und d | ||
| 040 | _cAIMIT LIBRARY | ||
| 041 | _aeng | ||
| 100 |
_aNeill K M, Mc;Kairanna, Sneha. _g1416080 _97501 |
||
| 245 | _aStudy on employee satisfaction and its effects towards employee loyalty with reference t clarkes exotica resort and spa Bengaluru / | ||
| 260 |
_aMangalore _bSneha Kairanna. _c2016 |
||
| 942 |
_2ddc _cPRO |
||
| 999 |
_c219069 _d219069 |
||